00285nam a22000977a 4500082002200000100001800022245006400040260003500104300001000139650003800149 aTNC A99 Sh49 Gh15 aGhodke, N. B. aShushil Kumar Shinde :bA Child of destinycby N. B. Ghodke aKarnatakabVijaylakshmi c2006 a162p. aShushil Kumar Shinde - Priography